000 00414nam a2200169 a 4500
001 0000-8815
003 ELIB.Books
008 110520 1994
035 _a(ELIB.Books)0000-8961
082 _a230.09
_bAbr
100 _aAbraham, K.C.
245 _aThird World Theologies
260 _bMaryknoll: Orbis Books
_c1994
650 _aTheology
942 _2ddc
_cBK
998 _cbat
_e2011-05-20
999 _c8815
_d8815